|
|
|
|
| LEADER |
00000nam0a2200000 4500 |
| 001 |
133745 |
| 005 |
20231031135426.0 |
| 020 |
|
|
|a RU
|b 84-57585
|
| 035 |
|
|
|a (RuTPU)RU\TPU\book\144964
|
| 090 |
|
|
|a 133745
|
| 100 |
|
|
|a 20080320d1984 m y0rusy5003 ca
|
| 101 |
0 |
|
|a rus
|
| 102 |
|
|
|a RU
|
| 105 |
|
|
|a a z 000ay
|
| 200 |
1 |
|
|a Облака тех лет
|e Повести
|f А. А. Бологов
|
| 210 |
|
|
|a Москва
|c Современник
|d 1984
|
| 215 |
|
|
|a 414 с.
|c 1 л. портр.
|d 20 см
|
| 225 |
1 |
|
|a Новинки "Современника"
|
| 333 |
|
|
|a Исключено из фонда НТБ ТПУ
|
| 700 |
|
1 |
|a Бологов
|b А. А.
|g Александр Александрович
|4 070
|
| 801 |
|
0 |
|a RU
|b RuMRKP
|c 19950704
|g psbo
|
| 801 |
|
1 |
|a RU
|b 63413507
|c 20080320
|g PSBO
|
| 801 |
|
2 |
|a RU
|b 63413507
|c 20141008
|g PSBO
|
| 942 |
|
|
|c BK
|